000
00303nam a22001337a 4500
008
181121b xxu||||| |||| 00| 0 eng d
020
_a
5800094920599
041
_a
eng
080
_2
6 th
_a
510
100
_a
37
101
_a
MAT
245
_a
AcerPlacer Math Simplifield
_c
Lesson.M
942
_2
udc
_c
BK
999
_c
52282
_d
52282